| 000 | 00712nam a2200229 a 4500 | ||
|---|---|---|---|
| 001 | BRL_834 | ||
| 005 | 20190320210922.0 | ||
| 008 | 151013s1923----gw-a######---#000-0#ger-# | ||
| 041 | _ager | ||
| 044 | _agw | ||
| 050 | 4 |
_aN7831 _b.G58 1923 |
|
| 100 | 1 |
_aGlück, Heinrich _925081 |
|
| 245 | 1 | 0 |
_aDie Christliche Kunst des Ostens _bmit 132 tafeln und 13 textabbildungen _cvon Heinrich Glück. |
| 260 |
_aBerlin _bBruno Cassirer _c1923 |
||
| 300 |
_axii, 67 p. _bil., 132 láminas _c26 cm. |
||
| 440 | 0 |
_aDie kunst des ostens _vBand 8 _925082 |
|
| 500 | _aEstado físico: encuadernado, febrero 2014 | ||
| 500 | _aAu930 | ||
| 650 | 1 | 4 |
_aArte y simbolísmo cristiano _zEuropa _925083 |
| 902 | _aGRL | ||
| 942 |
_2lcc _cB |
||
| 999 |
_c9646 _d9646 |
||